| 000 | 00413nam a22001577a 4500 | ||
|---|---|---|---|
| 003 | LK-CoDNM | ||
| 005 | 20240816124845.0 | ||
| 008 | 240816b |||||||| |||| 00| 0 eng d | ||
| 040 |
_aLK-CoDNM _dLK-CoDNM _eLK-CoDNM |
||
| 080 |
_a9 _bV5.1 |
||
| 100 | _aWILLSON HORACE HAYMEN | ||
| 245 | _aTheatre of the hindus | ||
| 260 |
_alondon _btrubner paternoster, row _c1871 |
||
| 300 | _a414p. ; 23 cm | ||
| 942 | _cBK | ||
| 999 |
_c148242 _d148242 |
||